| 000 | 00829 a2200277 4500 | ||
|---|---|---|---|
| 001 | 200002240 | ||
| 003 | TR-AnTOB | ||
| 005 | 20240729133811.0 | ||
| 008 | 101019s2008 ru 000 0 | ||
| 020 | _a9785865473921 | ||
| 040 |
_aTR-AnTOB _cTR-AnTOB _beng _erda |
||
| 041 | _arus | ||
| 050 | _aPG2074.8 | ||
| 099 | _aPCR SKI LIS ERM 2008 | ||
| 245 | 0 | 0 |
_aSlushat i uslyshat / _cV.S. Ermachenkova. |
| 264 | 1 |
_aSankt-Peterburg : _bZlatoust, _c2008. |
|
| 300 |
_a112 s.; _b1 CD-ROM _c26 cm |
||
| 336 |
_2rdacontent _atext _btxt |
||
| 337 |
_2rdamedia _aunmediated _bn |
||
| 338 |
_2rdacarrier _avolume _bnc |
||
| 650 | 0 | 0 |
_aRussian language _xSpoken Russian _962483 |
| 650 | 0 | 0 |
_aRussian language _vSound recordings for English speakers _962484 |
| 650 | 0 | 0 |
_aRussian language _xStudy and teaching _971218 |
| 942 |
_cBK _2lcc |
||
| 999 |
_c200002240 _d29295 |
||